| 000 | 01570nam a22002417a 4500 | ||
|---|---|---|---|
| 003 | BJBSDDR | ||
| 005 | 20260414090918.0 | ||
| 007 | ta | ||
| 008 | 260414s2025 nyu||||| |||| 00| 0 eng d | ||
| 020 | _a9781324105992 | ||
| 020 | _a1324105992 | ||
| 040 |
_bspa _cBJBSDDR |
||
| 041 | _aeng | ||
| 050 | _bH587 2025 | ||
| 100 | 1 |
_aHesse, Hermann, _d1877-1962. _91808 |
|
| 245 | 1 | 4 |
_aThe Steppenwolf / _cHermann Hesse, Kurt Beals |
| 260 |
_aNew York : _bW. W. Norton & Company, _c2025 |
||
| 300 |
_a xxiv, 227 pages ; _c21 cm |
||
| 520 | _aThe quest for self-discovery never ends, especially for Harry Haller-better known as the Steppenwolf. After a life spent in self-imposed isolation, Harry meets the mysterious Hermine and becomes captivated by her intoxicating power. Through their nighttime adventures, the Steppenwolf experiences the decadent underbelly of the bourgeois society he always despised. Harry becomes a man divided-lost in a surreal underground world of pleasure and set on a collision course with his innermost desires. There has never been a translation that fully captures the essence of Hermann Hesse's own spiritual questioning until now. Kurt Beals restores the original meaning of this hallucinatory German tale in a recognizably modern voice. Beals's expert introduction traces the impact of The Steppenwolf for readers seeking meaning during the upheaval of world conflicts, the onslaught of new technologies, and life's uncertainties"-- Provided by publisher | ||
| 700 | 1 |
_aBeals, Kurt _947909 |
|
| 942 |
_2lcc _n0 _cBK |
||
| 946 | _icmc | ||
| 999 |
_c126780 _d126780 |
||